El encuentro entre lógicas globales y locales: empleo bananero y turístico en Cahuita y Puerto Viejo /

Se propone que entre las lógicas socio-históricas más importantes para entender el desarrollo actual de Cahuita y Puerto Viejo en Costa Rica se debe destacar el papel de las actividades productivas, el desarrollo de las comunicaciones, la generación de empleo, la migración y la expansión turística...

Descrizione completa

Salvato in:
Dettagli Bibliografici
Autore principale: Molina Alfaro, Eugenia
Natura: testo
Soggetti:
Tags: Aggiungi Tag
Nessun Tag, puoi essere il primo ad aggiungerne!!

MARC

LEADER 00000 a a2200000 04500
001 14594
003
040
100 |a Molina Alfaro, Eugenia  
245 |a El encuentro entre lógicas globales y locales:   |b empleo bananero y turístico en Cahuita y Puerto Viejo /  |c Eugenia Molina Alfaro 
520 |a Se propone que entre las lógicas socio-históricas más importantes para entender el desarrollo actual de Cahuita y Puerto Viejo en Costa Rica se debe destacar el papel de las actividades productivas, el desarrollo de las comunicaciones, la generación de empleo, la migración y la expansión turística   |a pues dichas lógicas se entienden como formas de estudiar las nuevas relaciones entre lo local y lo global en ambas comunidades  
650 |a CAMBIO SOCIAL  
650 |a CONDICIONES DE TRABAJO  
650 |a TRABAJADORES AGRICOLAS  
650 |a BANANOS  
650 |a TURISMO  
650 |a EMPLEO  
650 |a DESARROLLO REGIONAL  
650 |a GLOBALIZACION  
650 |a IMAGINARIO SOCIAL  
773 |g número 117 -118; páginas 13-29  
999 |c 35873  |d 35873 
773 0 |0 18728  |9 3026  |a Universidad de Costa Rica  |d San José, Costa Rica Editorial UCR 1956-  |o 06546  |t Revista de Ciencias Sociales/  |x 04825276